| 000 | 00564nam a2200193Ia 4500 | ||
|---|---|---|---|
| 008 | 151119s9999||||xx |||||||||||||| ||und|| | ||
| 082 | _bGKKV33504 | ||
| 100 | _a"अंबिके, मनोज" | ||
| 245 | _aप्रतिसाद | ||
| 260 | _aपुणे | ||
| 260 | _bमिरर पब्लिशिंग | ||
| 260 | _c2014 | ||
| 300 | _a392p. | ||
| 600 | _a"अंबिके, मनोज" | ||
| 630 | _aप्रतिसाद | ||
| 700 | _a"अंबिके, मनोज" | ||
| 730 | _aप्रतिसाद | ||
| 942 | _cBOOK | ||
| 999 |
_c1085799 _d1085796 |
||